Statistics for Financial Acronyms Quiz

Click here to take the quiz!

General Stats

  • This quiz has been taken 554 times
  • The average score is 10 of 24

Answer Stats

HintAnswer% Correct
CEOChief Executive Officer
95%
GDPGross Domestic Product
79%
ROIReturn on Investment
71%
IPOInitial Public Offering
69%
IRSInternal Revenue Service
67%
CPACertified Public Accountant
56%
CDCertificate Of Deposit
53%
WTOWorld Trade Organization
52%
EPSEarnings Per Share
44%
EBITEarnings Before Interest & Tax
39%
CPIConsumer Price Index
38%
ARMAdjustable Rate Mortgage
37%
CODCash On Delivery
37%
FTCFederal Trade Commission
35%
GAAPGenerally Accepted Accounting Principles
33%
DJIADow Jones Industrial Average
32%
ETFExchange Traded Fund
32%
FDICFederal Deposit Insurance Corporation
32%
COGSCost Of Goods Sold
31%
CAPEXCapital Expenditure
28%
LBOLeveraged Buyout
19%
LIBORLondon Interbank Offered Rate
18%
CFAChartered Financial Analyst
17%
CDOCollateralized Debt Obligation
16%

Score Distribution

Percentile by Number Answered

Percent of People with Each Score

Your Score History

You have not taken this quiz